Abréviations du langage SMS - Statistiques

Statistiques générales
  • Ce quiz a été pris 303 fois
  • Le résultat moyen est 14 sur 15
Statistiques - réponses
Abréviations Réponses % Correct
BJR Bonjour
100%
CV Ça va
100%
CC Coucou
100%
BCP Beaucoup
99%
JSP Je ne sais pas/Je ne sais plus
99%
JTM Je t'aime
99%
MDR Mort de rire
99%
SLT Salut
99%
MRC Merci
98%
JPP J'en peux plus/Je peux pas
96%
BSR Bonsoir
93%
PG Pas grâve
88%
TLM Tout le monde
78%
PTDR Pété de rire
74%
OSEF On s'en fiche
55%
Aucun quiz correspondant
Distribution des résultats
% des personnes avec chaque résultat
Percentile par nombre de réponses
Votre historique - résultats
Vous n’avez pas pris ce quiz